FIGHTING OLD AGE: (Record no. 205984)

MARC details
000 -LEADER
fixed length control field 00612nam a22002057a 4500
005 - DATE AND TIME OF LATEST TRANSACTION
control field 20240927151518.0
010 ## - LCCN (DPL NO)
LC control number ENG-141822
020 ## - INTERNATIONAL STANDARD BOOK NUMBER
Terms of availability 795.00
International Standard Book Number 9788186772812
035 ## - SYSTEM CONTROL NUMBER
System control number EN-125354
037 ## - SOURCE OF ACQUISITION
Source of stock number/acquisition DBAD/PUB
082 ## - DEWEY DECIMAL CLASSIFICATION NUMBER
Classification number 155.67
100 ## - MAIN ENTRY--PERSONAL NAME
Personal name SINGH VINITA
245 ## - TITLE STATEMENT
Title FIGHTING OLD AGE:
Remainder of title by nutrition/
Statement of responsibility, etc By Vinita Singh
250 ## - EDITION STATEMENT
Edition statement 1
260 ## - PUBLICATION, DISTRIBUTION, ETC. (IMPRINT)
Place of publication, distribution, etc New Delhi
Name of publisher, distributor, etc New Academic Publishers
Date of publication, distribution, etc 2015
270 ## - ADDRESS
City New Delhi
Address 4760-61,23, Ansari Road Daryaganj
Postal code 110002
300 ## - PHYSICAL DESCRIPTION
Extent 117vpp.
Dimensions 22cm(pbk)
700 ## - ADDED ENTRY--PERSONAL NAME
Personal name Kunwar neelma
Relator term authour
9 (RLIN) 72136
942 ## - ADDED ENTRY ELEMENTS (KOHA)
Source of classification or shelving scheme Dewey Decimal Classification
Item type English Books
Classification part 155.67
Call number suffix VIN
Holdings
Withdrawn status Lost status Not for loan Collection code Home library Current library Date acquired Source of acquisition Cost, normal purchase price Full call number Barcode Copy number Cost, replacement price Koha item type
      Non-fiction Bawana Bawana 27/09/2024 DBAD 795.00 155.67 VIN En-125354 1 795.00 English Books

© Delhi Public Library
Hit Counter
free hit counter